|
|
|
|
| LEADER |
00000cam a2200000 7i4500 |
| 001 |
0000078958 |
| 005 |
20040630.0 |
| 020 |
|
|
|a 0316857068
|
| 090 |
0 |
0 |
|a 910.941
|b FIE
|
| 100 |
1 |
|
|a Fiennes, Ranulph
|
| 245 |
1 |
0 |
|a Beyond the limits :
|b the lessons learned from a lifetime's adventures
|c Ranulph Fiennes
|
| 260 |
|
|
|a London :
|b Little Brown And Company ,
|c 2000
|
| 300 |
|
|
|a 223p. :
|b ill. ;
|c 26cm.
|
| 600 |
1 |
0 |
|a Fiennes, Ranulph ,
|c Sir ,
|d 1944-
|
| 600 |
1 |
0 |
|a Fiennes, Ranulph ,
|c Sir ,
|d 1944
|x Travel
|
| 650 |
0 |
0 |
|a Explorers
|z Great Britain
|x Biography
|
| 999 |
|
|
|a 00166751
|b BUKU
|c PINJAMAN
|e PERPUSTAKAAN KOMUNITI PETALING JAYA
|